International community psychology (Registro nro. 302622)

Detalles MARC
000 -ENCABEZADO
Número de control [NR] 01165 a2200289 4500
005 - FECHA Y HORA DE LA ÚLTIMA TRANSACCIÓN
control field 20180312112554.0
008 - DE LONGITUD FIJA DE DATOS DE ELEMENTOS - INFORMACIÓN GENERAL
Elementos de longitud fija [NR] 160218s2010 xxu||||| |||| 001 0 eng d
020 ## - NUMERO INTERNACIONAL NORMALIZADO PARA LIBROS [R]
Número Internacional Normalizado del libro [NR]  9781441943187
040 ## - FUENTE DE CATALOGACION [NR]
Agencia de catalogación original [NR] CO-BoUCM
Idioma de catalogación [NR] spa
Quien Cataloga Sandra Palacio
Quien Clasifica Sandra Palacio
041 0# - CODIGO DE IDIOMA [R]
Código de idioma para texto/pista de sonido o título separado [R] Inglés
245 00 - MENCION DE TITULO [NR]
Título [NR] International community psychology
Parte restante del título [NR] History and theories
Mención de responsabilidad, etc. [NR] Editado por Stephanie M. Reich, Manuel Riemer, Isaac Prilleltensky y Maritza Montero
260 ## - PUBLICACION, DISTRIBUCION, ETC. (PIE DE IMPRENTA) [R]
Nombre del editor, distribuidor, etc. [R] Springer
Lugar de publicación, distribución, etc. [R] Irvine (California, Estados Unidos)
Fecha de publicación, distribución, etc. [R] 2010
300 ## - DESCRIPCION FISICA [R]
Extensión [R] 443 páginas
490 0# - MENCION DE SERIE [R]
Mención de serie [R] Psychology
504 ## - NOTA DE BIBLIOGRAFIA, ETC. [R]
Nota de bibliografía, etc. [NR] Incluye referencias bibliográficas e índices
650 #7 - ASIENTO SECUNDARIO DE MATERIA - TERMINO TEMATICO [R]
9 (RLIN) 22856
Término temático o nombre geográfico como elemento de entrada [NR] Psicología social
Subdivisión general [R] Historia
650 #7 - ASIENTO SECUNDARIO DE MATERIA - TERMINO TEMATICO [R]
9 (RLIN) 22856
Término temático o nombre geográfico como elemento de entrada [NR] Psicología social
Subdivisión general [R] Teorías
650 #7 - ASIENTO SECUNDARIO DE MATERIA - TERMINO TEMATICO [R]
9 (RLIN) 22809
Término temático o nombre geográfico como elemento de entrada [NR] Psicología de la comunidad
Subdivisión general [R] Teorías
650 #7 - ASIENTO SECUNDARIO DE MATERIA - TERMINO TEMATICO [R]
9 (RLIN) 12414
Término temático o nombre geográfico como elemento de entrada [NR] Cultura y sociedad
Subdivisión general [R] Aspectos psicológicos
690 #0 - ASUNTO AGREGADO LOCAL DE ENTRADA - TÉRMINO TEMÁTICO (OCLC, RLIN)
Acceso temático local Sociología
9 (RLIN) 386
700 1# - ASIENTO SECUNDARIO - NOMBRE PERSONAL [R]
Nombre personal [NR] Reich, Stephanie M.
Término de relación [R] editor
9 (RLIN) 75610
700 1# - ASIENTO SECUNDARIO - NOMBRE PERSONAL [R]
Nombre personal [NR] Riemer, Manuel
Término de relación [R] editor
9 (RLIN) 75611
700 1# - ASIENTO SECUNDARIO - NOMBRE PERSONAL [R]
Nombre personal [NR] Prilleltensky, Isaac
9 (RLIN) 75612
700 1# - ASIENTO SECUNDARIO - NOMBRE PERSONAL [R]
Nombre personal [NR] Montero, Maritza
Término de relación [R] editor
9 (RLIN) 76091
942 ## - ELEMENTOS DE ENTRADA AGREGADOS (KOHA)
Sistema de clasificación DEWEY
Tipo de ítem principal el descrito en 300a Libro de reserva
Tema principal Sociología
Edición 1
Clasificación 302.1
Parte restante de la signatura top. I612in
Título oculto en OPAC No
Existencias
Fecha de último préstamo Total préstamos Signatura topográfica Código de barras Última vez visto Ejemplar Costo de reposición Price effective from Tipo de ítem Perdido Sistema de clasificación Dañado No prestable Tipo de ítem específico Suprimido Ubicación habitual Ubicación actual Localización Fecha de creación Proveedor Forma de adquisición Costo
27/01/2020 10 302.1 I612in 200028943 11/12/2025 Ej.1 350000.00 12/02/2016 Libro de reserva   DEWEY     Libro de reserva   Quinta de Mutis Quinta de Mutis Mezanecs 12/02/2016 26 Compra 350000.00